000 00909nam a2200229 a 4500
001 71623
003 BD-RjUL
005 20211209082133.0
008 170506s1985 ii a|||| |||| 00| 0 eng d
035 _a(BD-RjUL)71839
040 _aBD-RjUL
_beng
_cBD-RjUL
_dBD-RjUL
041 _aeng
082 _223
_a954.9205
_bSIS 1985
100 1 _a সিদ্দিকী, কাদের
_9211930
_eবঙ্গবীর
245 1 0 _aস্বাধীনতা '৭১ /
_cকাদের সিদ্দিকী
260 _aকলিকাতা :
_bদেজ পাবলিশিং,
_c১৯৮৫.
300 _aখন্ড. :
_bচিত্র. ;
_c২০ সেমি.
505 _aখন্ড. 1১ --
651 _aBangladesh
_xHistory
_yRevolution, 1971
_9233946
651 _aবাংলাদেশ
_xইতিহাস
_yমুক্তিযুদ্ধ, ১৯৭১
_9233947
942 _2ddc
_cBK
999 _c71623
_d71623